[Event "CZE-ch"]
[Site "Zlin"]
[Date "1998.06.15"]
[Round "3"]
[White "Haba, Petr"]
[Black "Velicka, Petr"]
[Result "1-0"]
[WhiteElo "2570"]
[BlackElo "2430"]
[Annotator "Hecht,H"]
[PlyCount "149"]
[EventDate "1998.06.13"]
[EventType "tourn"]
[EventRounds "11"]
[EventCountry "CZE"]
[EventCategory "9"]
[SourceTitle "CBM 066"]
[Source "ChessBase"]
[SourceDate "1998.09.30"]
[SourceVersion "1"]
[SourceVersionDate "1998.09.30"]
[SourceQuality "1"]

1. e4 e5 2. Nf3 Nc6 3. Bb5 a6 4. Ba4 b5 5. Bb3 Na5 6. O-O d6 7. d4 exd4 8. Nxd4
Bd7 9. Bd2 Nxb3 10. axb3 Nf6 11. Nc3 Be7 12. Qf3 O-O 13. Nf5 Re8 14. Nxe7+ Qxe7
15. Bg5 Bc6 16. Bxf6 Qxf6 17. Qxf6 gxf6 18. Rfe1 b4 19. Nd5 Bxd5 20. exd5 Rxe1+
21. Rxe1 {[#] schlechte schwarze Bauernstruktur - Lavieren - Raumgewinn -
Suche nach dem rechten Plan.} Rb8 22. Kf1 Rb5 23. Rd1 Rc5 24. Rd2 Kf8 25. Ke2
Ke7 26. Kd1 f5 27. Rd4 a5 28. Kd2 Kf6 29. f4 Kg6 30. Rd3 Kh5 31. h3 Kg6 32. c4
bxc3+ 33. bxc3 Kf6 34. Kc2 Rb5 35. Kb2 Rb8 36. Re3 h5 37. h4 a4 38. b4 Rb5 39.
Rd3 Rb8 40. Ka3 Rg8 41. g3 Ke7 42. Re3+ Kd7 43. Kxa4 Ra8+ 44. Kb5 Ra1 45. c4
Ra2 46. c5 Ra1 47. c6+ Kd8 {[#] Es ist eine Art verwunschenes Schloß
entstanden, bei dem Weiß nicht so recht weiß, wie er an den Burgschlüssel
kommen soll. Der König bewacht e7/e8 und der Turm die a-Linie.} 48. Kc4 Rc1+
49. Rc3 Ra1 50. Rd3 Rc1+ 51. Kb3 Rg1 52. Ka4 Re1 53. Ra3 Kc8 54. b5 (54. Kb5
Kb8 {und die schwarzen Figuren haben ein "Bäumchen-Wechsel-Dich-Spiel"
vollzogen.}) 54... Rb1 55. Ka5 Kd8 56. Re3 (56. Ka6 Kc8 {wäre absolut nutzlos,
weil der König in der Mattröhre steckt und wieder zurück muß.}) 56... Rb2 57.
Ka4 Rb1 58. Re2 Ra1+ 59. Kb3 Ra5 60. Kb4 Ra1 61. Re3 $1 {[%cal Re3a3] [#] Am
Ziel.} Rb1+ (61... Ra8 62. Ra3 Rb8 (62... Rxa3 63. Kxa3 Kc8 64. Ka4 Kb8 65. Ka5
Ka7 66. b6+ cxb6+ 67. Kb5 f6 68. c7 Kb7 69. c8=Q+ Kxc8 70. Kxb6 $18 {[%csl Rd6]
}) 63. Ra6 Kc8 64. b6 $18) 62. Rb3 Rd1 63. Ra3 Rd4+ 64. Kc3 Rxd5 65. Ra8+ Ke7
66. Kc4 Rc5+ 67. Kb4 Rc1 68. Rc8 Rb1+ 69. Kc4 Rc1+ 70. Kd4 Rd1+ 71. Ke3 Re1+
72. Kd2 Rb1 73. Rxc7+ Kd8 74. Rb7 Kc8 75. Kc3 {[%cal Rc3c4]} 1-0

[Event "EU-ch 13th"]
[Site "Plovdiv"]
[Date "2012.03.28"]
[Round "8"]
[White "Sulskis, Sarunas"]
[Black "Abdulov, Orkhan Javanshir"]
[Result "1/2-1/2"]
[WhiteElo "2596"]
[BlackElo "2387"]
[Annotator "Let's Check Training"]
[PlyCount "85"]
[EventDate "2012.03.20"]
[EventType "swiss"]
[EventRounds "11"]
[EventCountry "BUL"]
[SourceTitle "CBM 148"]
[Source "ChessBase"]
[SourceDate "2012.05.16"]
[SourceVersion "1"]
[SourceVersionDate "2012.05.16"]
[SourceQuality "1"]

1. e4 e5 2. Nf3 Nc6 3. Bb5 a6 4. Ba4 Nge7 5. Nc3 d6 6. a3 b5 7. Bb3 Ng6 8. d3
Nd4 9. Nxd4 exd4 10. Ne2 c5 11. O-O Be6 12. Bxe6 fxe6 13. f4 Qd7 14. f5 exf5
15. exf5 Ne5 16. Nf4 O-O-O 17. a4 b4 18. Ne6 Re8 19. c3 g6 20. cxd4 cxd4 21.
Bf4 gxf5 22. Rc1+ Kb8 23. Nxd4 Qa7 24. Be3 Qb7 25. Qb3 h5 26. Rxf5 Bh6 27. Bxh6
Rxh6 28. Rg5 Qb6 29. Qd5 Nxd3 $6 (29... Rf6 30. a5 $18) 30. a5 $2 (30. Rg8 Rhe6
31. Rc8+ $3 $18) 30... Qc5 $11 31. Rf1 {[%tqu "En","","","","h6f6","",10]} Rf6
$1 (31... Nxb2 $2) 32. g3 $1 (32. Rxf6 $2) 32... Rxf1+ 33. Kxf1 Qc1+ 34. Kg2
Qxb2+ 35. Kh3 Nf2+ 36. Kh4 Re4+ 37. Kxh5 Qxd4 38. Rg8+ Kc7 39. Qf7+ Kc6 40.
Rc8+ Kb5 41. Rb8+ Kc5 42. Rc8+ Kb5 43. Rb8+ 1/2-1/2

[Event "RUS-ch 64th"]
[Site "Moscow"]
[Date "2011.08.13"]
[Round "5"]
[White "Timofeev, Artyom"]
[Black "Svidler, Peter"]
[Result "0-1"]
[WhiteElo "2665"]
[BlackElo "2739"]
[Annotator "Marin,M"]
[PlyCount "68"]
[EventDate "2011.08.08"]
[EventType "tourn"]
[EventRounds "7"]
[EventCountry "RUS"]
[EventCategory "19"]
[SourceTitle "CBM 144"]
[Source "ChessBase"]
[SourceDate "2011.09.16"]
[SourceVersion "1"]
[SourceVersionDate "2011.09.16"]
[SourceQuality "1"]

1. e4 e5 2. Nf3 Nc6 3. Bb5 a6 4. Ba4 Nge7 5. c3 g6 {This relatively unexplored
system of development could be called the "Accelerated Deferred Steinitz
Variation". Black refrains from an early ...d6, maintaining the possibility of
opening the centre with ...d5 at once.} 6. d4 {But now, he has to give up the
tension in the centre at once.} exd4 7. Nxd4 $5 {A rare move. White refrains
from building up a strong pawn centre for the sake of keeping the d-file open.}
({Black has come up with several new ideas after the more natural} 7. cxd4 {
lately. One critical position arises after} b5 8. Bb3 Bg7 9. O-O O-O 10. Nc3 d6
{From a classical point of view, it looks as if White should have a big
advantage. He has a natural development and a strong centre. However, in
practice it is not easy to find a constructive plan, since Black does not have
major weaknesses.} 11. Nd5 {It may seem illogical to exchange the generally
passive e7-knight, but White gets the possibility of putting pressure on the
c-file.} ({One of the latest games at GM level went} 11. h3 Bb7 12. Bf4 Na5 13.
Bc2 Qd7 14. Re1 Rfe8 15. e5 {This makes Black's life easier, by giving up the
compact character of the centre. White probably was fed up with the permanent
uncertainty about Black's intentions and decided not to wait for undermining
moves like ...f5 or ...c5.} Nd5 16. Nxd5 Bxd5 17. Be4 Bxe4 18. Rxe4 {Quesada
Perez,Y (2626)-Alvarez Pedraza,A (2538)/Havana 2011/CBM 143 (0-1, 61)} Nc4 $5
$146 19. Qc2 c5 20. b3 Na3 21. Qb2 b4 $132) 11... h6 {Not only preventing Bg5,
but also preparing ...Kh7 followed by ...f5.} 12. Nxe7+ Nxe7 13. Be3 Kh7 14.
Rc1 f5 $5 (14... Bb7 {does not fit together well with the previous moves:} 15.
d5 c5 16. dxc6 Nxc6 17. Bd5 Qd7 18. Qd2 $14 {Brunello,S (2455)-Godena,M (2517)/
Martina Franca 2008/CBM 127 Extra (1/2, 40). White is more active and has a
comfortable target on d6.}) 15. e5 Bb7 16. Re1 a5 17. Qe2 f4 18. Bd2 Bxf3 19.
Qxf3 dxe5 {Dominguez Perez,L (2719)-Aronian,L (2786)/Moscow 2009. White's
compensation for the pawn is obvious, but Black has managed to achieve his
initial aim: unbalancing the position.}) 7... Bg7 8. Be3 (8. Nxc6 Nxc6 9. O-O
O-O 10. Nd2 Ne5 11. Nf3 {1/2 Savon,V (2460)-Murey,J (2450)/Podolsk 1991/CBM
026 ext} (11. f4 Nd3 $11) 11... Nxf3+ 12. Qxf3 d6 $11 {In the absence of
knights, the control over the d5-square as well as the space advantage lose
relevance.}) 8... O-O 9. O-O b5 {In many systems of the Ruy Lopez, this move
is played almost automatically. In this position, its usefulness is
questionable. The bishop is somewhat out of play on a4, because it does not
contribute to increase the pressure against the (already non-existent) e5-pawn.
Moreover, the b5-pawn will become a target soon, while the c5-square is
slightly weakened.} ({The immediate knight manoeuvre} 9... Ne5 $5 {may be more
advisable.} 10. Nd2 d5 11. Bg5 (11. h3 {[%csl Gg4][%cal Gf2f4] McCormick,
E-Ulvestad,O/Baltimore 1948/EXT 2000 (1/2, 40)} c5 12. N4f3 Nd3 $36 {After the
insertion of the moves 9...b5 and 10.Bc2, the d3-square will not be available.}
) 11... f6 12. Bh4 c5 13. N4f3 b5 (13... Nd3 $5 $132) 14. Bb3 Nxf3+ (14... Nd3
$5 $132) 15. Nxf3 Bb7 16. exd5 Bxd5 17. Re1 Bxb3 18. Qxb3+ c4 19. Qa3 Nf5 20.
Qc5 Rc8 21. Qa7 Rc6 $13 {Tazbir,M (2520)-Malaniuk,V (2455)/Polanica Zdroj 2011
(1/2, 30)}) 10. Bc2 Ne5 11. a4 $1 $146 {Immediately taking advantage of the
first drawback of ...b7-b5.} (11. Nd2 {was played in two not too relevant
games at a lower level.}) 11... Rb8 12. axb5 axb5 13. Nd2 {Going the natural
way.} ({Playing against the b5-pawn too obstinately with, say} 13. b4 d6 14.
Na3 Bd7 15. Qe2 Qe8 16. Rfb1 {(preventing ...c5) would allow some counterplay
on the opposite wing with} f5 $5 $132) 13... d6 ({Under the changed
circumstances, the central break} 13... d5 {is less effective. Svidler
probably feared that after a useful move such as} 14. Re1 {, the weakness of
the c6- and c5-squares may tell.}) 14. h3 c5 15. N4f3 $5 {An interesting
decision. White is ready to exchange the knight that seemed to lose stability
in view of the threat of f2-f4, just created one move earlier (after h2-h3).
In fact, White faces some slight problems of piece congestios, which prevent
him from taking full advantage of Black's weaknesses along the d-file.} ({
The more brutal} 15. Ne2 Re8 $5 {(As we will see, an useful move, anticipating
the weakening of several squares along the e-file)} 16. f4 {does not yield any
palpable advantage.The main problem is that the e2-knight remains passive and
vulnerable.} Nc4 17. Nxc4 bxc4 18. Ra2 Qc7 {[%csl Yc5][%cal Gd6d5,Gf7f5] ><c5,
/\...d5, ...f5} 19. f5 $5 Nxf5 $1 20. Bf4 Qe7 21. exf5 Qxe2 22. Bxd6 Bb7 23.
Qxe2 Rxe2 24. Rf2 Re1+ 25. Kh2 Rd8 $11) 15... N5c6 {Not an easy decision to
take. Black avoids the exchange, hoping that White will not be able to
coordinate his minor pieces. His immediate threat is ...b4.} (15... Nxf3+ 16.
Nxf3 $14 {[%cal Gd1d2,Gf1d1,Ge3f4] Frees White's play, leaving Black with
problems activating his knight, for instance} Nc6 17. Qd2 Na5 18. Bxc5 dxc5 (
18... Nc4 19. Qf4 $1 $16 {[%csl Gb8]}) 19. Qxd8 Rxd8 20. Rxa5 $16) (15... N7c6
{looks solid, but after} 16. Nxe5 Nxe5 17. f4 Nc4 18. Nxc4 bxc4 {White's
position remains more pleasant, because of his more compact structure. The
absence of the e2-knight certainly favours White if compared with the similar
line examined above.}) (15... b4 {offers White strong initiative after} 16.
Nxe5 Bxe5 17. Bh6 (17. Nc4 {is less clear:} bxc3 18. Nxe5 cxb2 19. Ra7 dxe5 20.
Qxd8 Rxd8 21. Rxe7 Be6 $44 {White's imperfect coordination makes the black
pawns quite dangerous.}) 17... bxc3 18. bxc3 Bxc3 19. Bxf8 Qxf8 20. Ra3 {
/\Rg3, Bb3, -> Black does not seem to have entirely adequate compensation for
the exchange.}) 16. Bf4 {[%csl Gd6]} (16. Re1 b4 $1) 16... Rb7 {[%cal Gb7d7]} (
16... b4 $6 17. Nc4 $1) (16... Be6 17. Qe2 (17. Ng5 b4 18. Nxe6 $6 {leaves
White's pieces hanging:} fxe6 19. Qg4 bxc3 20. bxc3 Bxc3) 17... b4 18. Nc4 bxc3
19. bxc3 Bxc3 20. Ra6 $36) 17. Qe2 c4 {[%csl Gc2] Black gives up the plan
based on ...b4. His last move restricts the c2-bishop and prepares ...d5.} 18.
Rfd1 Rd7 19. Nf1 {By taking the knight away from the defence of the e4-pawn,
White literally invites his opponent to play ...d5. It is not easy to find a
way of delaying Nd2-f1 in a constructive fashion, though.} (19. Qe3 Re8 $5 {
/\...Nd5} (19... d5 $6 20. Qc5 $1 $36) 20. Nf1 (20. Bg5 $5) 20... d5 21. Qc5
dxe4 22. Ng5 (22. Rxd7 Qxd7 23. Bxe4 f5 24. Bc2 Nd8 $13 {[%csl Gc2,Gf1]}) 22...
Rd5 $1 23. Rxd5 Nxd5 $1 24. Rd1 (24. Bd2 Ne5 $132) 24... Nd4 $1 25. Be3 (25.
Bc1 Ne2+ 26. Kh1 Bb7 {[%cal Ge2c1]}) 25... Nxe3 26. fxe3 $2 Bf8 $3 27. Qxd4
Qxg5 $17) 19... d5 {Black cannot do without this pawn break, but White's
superior development should offer him the best chances under the circumstances
of central tension.} 20. Bg5 ({Both sides could continue maintaining the
tension:} 20. Ne3 $5 Re8 $5) 20... Qc7 (20... d4 21. cxd4 Nxd4 22. Nxd4 Bxd4
23. Ne3 $5 Bxb2 24. Rab1 Bg7 25. Rxb5 Rxd1+ 26. Bxd1 $14 {The c-pawn is more
of a weakness than a strength, while White's overall activity is superior.})
21. Qe3 b4 22. Bf4 Qd8 23. Bh6 $2 {Allowing strong counterplay.} (23. Ba4 $5
$14) 23... d4 $6 {The correct idea, but not in the best form.} ({The
intermediate} 23... b3 $1 {would have improved Black's position a lot:} 24. Bb1
(24. Bxg7 bxc2 $1 25. Bf6 cxd1=Q 26. Qh6 Nf5 $1) 24... d4 25. cxd4 Nxd4 $15 26.
Bxg7 Nxf3+ 27. Qxf3 Rxd1 28. Bxf8 Kxf8 29. Qc3 Kg8 $17) 24. cxd4 Nxd4 25. Bxg7
Nxf3+ 26. Qxf3 Kxg7 27. e5 {[%cal Gf3f6] It looks as if the next phase was
played in mutual time trouble.} f6 $2 (27... f5 $1 $11) 28. Ne3 $6 (28. Ra7 $1
$16 {would have left Black badly pinned. The point is that with tension on f6,}
Rxa7 {loses to} 29. Rxd8 Rxd8 30. exf6+ {. This would not have been the case
after 27...f5!}) 28... b3 29. Be4 Qc7 30. Rdc1 $6 {Unnecessarily giving up the
tension and leaving Black in control of the central file.} (30. Rxd7 Bxd7 31.
exf6+ Rxf6 32. Qd1 $14 {would leave White better coordinated and with the
safer king.}) 30... Rd4 $15 31. Qg3 $2 f5 32. Bf3 f4 33. Qh4 h6 34. Ng4 $2 Nf5
0-1

[Event "EU-chT (Men) 19th"]
[Site "Warsaw"]
[Date "2013.11.12"]
[Round "5.1"]
[White "Pavasovic, Dusko"]
[Black "Aronian, Levon"]
[Result "0-1"]
[WhiteElo "2563"]
[BlackElo "2801"]
[Annotator "Mikhalchishin,A"]
[PlyCount "58"]
[EventDate "2013.11.08"]
[EventType "team-swiss"]
[EventRounds "9"]
[EventCountry "POL"]
[SourceTitle "CBM 158"]
[Source "ChessBase"]
[SourceDate "2014.01.16"]
[SourceVersion "1"]
[SourceVersionDate "2014.01.16"]
[SourceQuality "1"]
[WhiteTeam "Slovenia"]
[BlackTeam "Armenia"]
[WhiteTeamCountry "SLO"]
[BlackTeamCountry "ARM"]

1. e4 e5 2. Nf3 Nc6 3. Bb5 a6 4. Ba4 Nge7 5. Bb3 d5 {Here are few other ways
to be seriously considered:} (5... Ng6 6. h4 (6. c3 Be7 7. d4 d6 8. Be3 O-O 9.
Nbd2 Nh4 10. Nxh4 Bxh4 11. O-O Bf6 (11... Bg5) 12. dxe5 dxe5 13. Qe2 Bg5 14.
Nc4 b5 15. Rad1 Qe7 16. Bxg5 Qxg5 17. Ne3 {with clear control of the centrel,
David,A (2607)-Narayanan,S (2373)/Kolkata IND 2012}) 6... Be7 7. d3 h6 8. h5
Nh4 9. Nxh4 Bxh4 10. g3 Bf6 11. Be3 Na5 12. Nc3 d6 13. Nd5 Nxb3 14. axb3 Be6
15. Nxf6+ Qxf6 16. Qe2 d5 17. f3 Qe7 18. g4 f6 19. Bd2 Qc5 {Black has a very
promising position, Movsesian,S (2696)-Mamedyarov,S(2759)/Rhodes 2013/}) ({
Also possible is even} 5... g6 6. d4 exd4 7. Ng5 d5 8. Qf3 f5 9. exd5 Na5 10.
d6 Nxb3 11. Qxb3 Qxd6 12. Nf7 Qc6 13. Nxh8 Be6 14. Qg3 Qe4+ 15. Kd1 d3 16. cxd3
O-O-O 17. Kc2 Qa4+ 18. b3 Qc6+ 19. Nc3 Bg7 20. d4 f4 21. Qf3 Nd5 {with
powerful compensation, Rogulj,B (2422)-Jakic,I (2416)/Bosnjaci 2013}) 6. Nc3 ({
I think better is to start creating pressure in the centre after} 6. exd5 Nxd5
7. O-O Be6 (7... Be7 8. Re1 O-O 9. Nxe5 Nxe5 10. Rxe5 c6 11. d4 Bd6 12. Re1 Qh4
13. g3 Qh3 14. Nc3 Nf6 15. Qf3 Bg4 16. Qd3 Bf5 17. Qf1 Qh5 18. f3 Qg6 19. Qf2
Rae8 20. Be3 b5 {Kosintseva,N (2552)-Gopal,G (2597)/Caleta 2011. Black has
some compensation for the pawn, more typical for Marshall structures.}) 8. Re1
Bc5 9. d3 Qf6 $6 (9... O-O 10. Nbd2 f6 11. c3 Qd7) (9... O-O) 10. Nbd2 Nd4 $2
11. Bxd5 Bxd5 12. Rxe5+ Qxe5 13. Nxe5 O-O-O 14. c3 Nf5 15. d4 Bd6 16. Ndc4 Rhe8
17. Nxd6+ cxd6 18. Ng4 Re4 19. Ne3 Rde8 20. Bd2 Nxe3 21. Bxe3 f5 22. c4 {
1-0 Soumya,S (2283)-Kaya,E (1995)/Astana KAZ 2013/CT-4506}) 6... Be6 7. Ng5 $5
({Previously the following has been tried:} 7. O-O dxe4 8. Nxe4 Bxb3 9. axb3
Ng6 (9... Nf5) (9... f5 10. Nc3 e4) 10. d3 Be7 11. Nfg5 h6 12. Nh3 Qd7 13. f4
exf4 14. Nxf4 Nxf4 15. Rxf4 O-O-O 16. Be3 f5 17. Nc5 Qd5 18. Rc4 Ne5 19. Rd4
Bxc5 20. Rxd5 Bxe3+ 21. Kh1 Rxd5 {Padmini,R (2316)-Cemhan,K (2025)/Astana KAZ
2013; with a winning position.}) 7... Nd4 $1 ({Another interesting try is} 7...
Qd7 8. exd5 (8. d3 d4 (8... O-O-O 9. O-O h6 10. Nxe6 fxe6 11. Re1 g5 12. Qh5
Bg7 13. Bd2 Kb8 14. Ba4 Qe8 (14... Qd6) 15. Qxe8 Rhxe8 {with very good
counterplay, Olsarova,T (2248)-Cemhan,K (1993)/Warsaw POL 2013 (31)}) 9. Nxe6
fxe6 10. Ne2 Ng6 11. O-O Bd6 (11... O-O-O $5 12. f4 exf4 13. Nxf4 Nxf4 14. Bxf4
h5 15. Qf3 Kb8) 12. c3 (12. f4 $142 Na5 13. Bxe6 Qxe6 14. f5 Qf7 15. fxg6 Qxg6
16. Ng3 Nc6 17. Qh5 Rf8) 12... dxc3 (12... Bc5 $142) 13. bxc3 O-O 14. d4 exd4
15. cxd4 Kh8 16. e5 Bb4 17. Bc2 Qf7 18. Qd3 {White keeps pressure, Havlikova,K
(2237)-Yildiz,B (2291)/Warsaw POL 2013 (59)}) 8... Bxd5 9. Nxd5 Nxd5 10. O-O (
10. Qh5 g6 11. Qf3 Rd8 12. Bxd5 Qxd5 13. Qf6 Rg8) 10... O-O-O 11. d3 Bc5 12.
Qf3 f6 13. Bxd5 Qxd5 14. Qxd5 Rxd5 15. Be3 Kd7 {1/2 Libiszewski,F (2518)
-Mingarro Carceller,S (2210)/La Roda 2013/Mega2013 Update 14}) 8. O-O $6 ({
A very sharp position would appear after} 8. Nxe6 fxe6 9. d3 Qd6 10. Bg5 O-O-O
$13) 8... Nxb3 9. axb3 d4 10. Nxe6 fxe6 11. Ne2 $6 ({White will be stuck even
after the better} 11. Na2 d3 12. Nb4 dxc2 13. Nxc2 Qd3 14. Re1 Nc6 15. Re3 Qd7)
11... d3 $1 {Now Black obtains a much better position.} 12. cxd3 Qxd3 13. b4 ({
Black will not loosen his grip after} 13. f4 Nc6 14. fxe5 Bc5+ 15. Kh1 O-O-O
16. Nf4 Qd7 $17) 13... Nc6 (13... O-O-O 14. Ra3 Qxe4 15. b5 axb5 16. Ra8+ Kd7
17. d3 Qc6 18. Rxd8+ Kxd8 19. d4 Kc8 20. dxe5 Ng6 $17) 14. Ra3 ({There was no
help after help desperate try to free himself:} 14. b5 Qxb5 15. d4 exd4 16.
Nxd4 Nxd4 17. Qxd4 Rd8 18. Qc3 Bc5 19. Qxg7 Bxf2+ 20. Kxf2 Rf8+ $19) 14... Qxe4
15. Re3 Qc4 16. Ng3 O-O-O {Black has an extra pawn and the better position!
The terrible result of White's opening play.} 17. Re4 Qb5 18. Qg4 Kb8 19. d3 ({
Even worse was} 19. Qxe6 Bxb4) 19... Rxd3 20. Be3 g6 21. h4 Bxb4 {White can
easily resign!} 22. h5 gxh5 23. Nxh5 Bd2 24. Nf6 Bxe3 25. fxe3 Qb3 26. Kh2 Qxb2
27. Qxe6 h5 28. Nd7+ Ka7 29. Qf6 Rd2 0-1

[Event "Monte Carlo FIDE GP (Women)"]
[Site "Monte Carlo"]
[Date "2015.10.10"]
[Round "7"]
[White "Pogonina, Natalija"]
[Black "Khademalsharieh, Sarasadat"]
[Result "1-0"]
[WhiteElo "2445"]
[BlackElo "2397"]
[Annotator "Mikhalchishin,A"]
[PlyCount "57"]
[EventDate "2015.10.03"]
[EventType "tourn"]
[EventRounds "11"]
[EventCountry "MNC"]
[EventCategory "11"]
[SourceTitle "CBM 169"]
[Source "ChessBase"]
[SourceDate "2015.11.10"]
[SourceVersion "1"]
[SourceVersionDate "2015.11.10"]
[SourceQuality "1"]
[WhiteClock "0:15:26"]
[BlackClock "0:08:55"]

1. e4 e5 2. Nf3 Nc6 3. Bb5 g6 4. c3 a6 5. Ba4 Bg7 6. d4 exd4 7. cxd4 b5 8. Bc2
d6 ({More usual here is a different move order:} 8... Nge7 9. O-O O-O 10. d5
Na5 11. Bd2 Bxb2 12. Bxa5 Bxa1 13. Nc3 Bb2 14. Qd2 $2 (14. d6 Nc6 15. dxc7 Qe8
$13) 14... d6 15. Qh6 f6 16. Nd4 Bd7 {Tuncer,T (2235)-Dimitrov,R (2467)/Izmir
TUR 2015, with better play for Black.}) 9. d5 (9. h3 {is much slower:} Nge7 10.
O-O O-O 11. Nc3 Na5 (11... Bb7 12. Re1 Qd7 13. Bf4 Na5 14. Rc1 Nc4 15. b3 Nb6
16. b4 h6 17. Bb3 Kh7 18. d5 Qd8 19. Ne2 Rc8 20. Ned4 {Braun,C (2424)
-Dambacher,M (2483)/Maastricht NED 2015, and Black has space problems.}) 12.
Bf4 Bb7 13. Qc1 f5 14. Bh6 fxe4 15. Bxg7 Kxg7 16. Ng5 (16. Bxe4 d5 17. Bd3 Qd6)
16... Qd7 17. d5 Nxd5 18. Nxd5 Bxd5 19. Bxe4 Bxe4 20. Qc3+ Kg8 21. Nxe4 Qe7 {
Pap,M (2488)-Mikhalevski,V (2536)/Lingen GER 2015, with good counterplay.})
9... Na5 ({A weaker move was played in a classical game:} 9... Ne5 10. Nxe5
dxe5 11. a4 Bd7 12. Be3 Nf6 13. O-O O-O 14. Qd2 Ne8 15. Bc5 Nd6 16. axb5 Bxb5
17. Re1 Qd7 18. Nc3 Rfb8 19. b4 Bf8 20. Qg5 Qe7 21. Qe3 {Kasparov,G (2625)
-Smyslov,V (2545)/Moscow 1981, and White has the advantage.}) 10. O-O Ne7 11.
Nbd2 ({Another knight development is more active:} 11. Nc3 O-O 12. Rb1 Bb7 13.
Be3 Rc8 14. Bd4 Bxd4 15. Nxd4 c6 16. dxc6 Nexc6 17. Nxc6 Bxc6 18. Qd4 {
Solleveld,M (2520)-Dambacher,M (2494)/Netherlands 2014, White keeps a small
edge.}) 11... O-O ({It was better to immediately destroy the centre by} 11...
c6) 12. Nb3 c5 {Very good options here were} (12... Nc4) ({and} 12... Nxb3 13.
Bxb3 Bg4 14. h3 Bxf3 15. Qxf3 c5 16. dxc6 Nxc6 17. Bd5 Rc8) 13. Nxa5 Qxa5 14.
h3 ({There was nothing special after} 14. a4 Bg4 15. Bg5 Qc7 16. h3 Bxf3 17.
Qxf3 Bxb2 18. Rab1 Bd4 19. axb5 axb5 20. Rxb5 f5) 14... Bd7 $6 ({A bit too
slow - much more dynamic would be} 14... f5) 15. Bf4 Nc8 16. e5 ({Black would
face no problems after} 16. Qc1 Qc7 17. Bh6 Nb6) 16... Qc7 $2 ({Here the
correct way was} 16... Re8 17. e6 fxe6 18. dxe6 Bc6 (18... Bxe6 19. Ng5) 19.
Ng5 Qb4) 17. Re1 dxe5 (17... Qb7 {was simpler:} 18. a4 Re8) 18. Nxe5 Nd6 19.
Qf3 Qb7 $2 ({White would also retain a dangerous attack after} 19... Rae8 20.
Qg3 Qd8 (20... Qa5 21. f3 Bxe5 22. Bxe5 Nc4 23. Bf6 $40)) 20. Nc6 $1 Nc8 (20...
Nc4 21. b3 Na3 22. Rac1 $16) 21. Rab1 Na7 {Black desperately tries to fight
against the knight on c6, but in vain...} 22. Ne7+ Kh8 23. Be5 $1 {Exchanging
the only defender of the kingside.} Bxe5 24. Rxe5 Qb6 (24... Kg7 {did not help
either:} 25. Rbe1 Qb6 26. Qe3 Qf6 27. Qxc5 $18) 25. Rbe1 Kg7 (25... Qd6 {
was slightly better}) 26. h4 Nc8 ({A terrific attack would follow} 26... Qf6
27. Qg3 Nc8 28. d6 Qxd6 29. Rd1 Qc7 30. Nxg6 $1 hxg6 31. Bxg6 $18) 27. h5 Nxe7
28. Rxe7 Rae8 29. Qc3+ 1-0